Southville International School and Colleges
Your cart is empty.
  • Cart
  • Lists
    Public lists Eva Luna New books Lux_list list_1
    Your lists Log in to create your own lists
  • Log in to your account
  • Your cookies
  • Search history
Southville International School and Colleges
  • Advanced search
  • Recent comments
  • Most popular
  • Libraries

Log in to your account

Log in with GOOGLE


If you do not have an external account, but do have a local account, you can still log in:

  1. Home
  2. MARC view: The Law on income taxation /
Normal view MARC view ISBD view

The Law on income taxation / (Record no. 291431)

[ view plain ]
MARC details
000 -LEADER
fixed length control field 00582nam a2200217Ia 4500
008 - FIXED-LENGTH DATA ELEMENTS--GENERAL INFORMATION
fixed length control field 160303s9999 xx 000 0 und d
020 ## - INTERNATIONAL STANDARD BOOK NUMBER
International Standard Book Number 971-23-2616-0
050 ## - LIBRARY OF CONGRESS CALL NUMBER
Classification number FIL KPM 2832
050 ## - LIBRARY OF CONGRESS CALL NUMBER
Item number .T46 1998
100 ## - MAIN ENTRY--PERSONAL NAME
Personal name Teodoro, Benjamin D.
245 #4 - TITLE STATEMENT
Title The Law on income taxation /
245 ## - TITLE STATEMENT
Statement of responsibility, etc Benjamin D. Teodoro, Hector S. De Leon.
260 ## - PUBLICATION, DISTRIBUTION, ETC. (IMPRINT)
Place of publication, distribution, etc Manila:
260 ## - PUBLICATION, DISTRIBUTION, ETC. (IMPRINT)
Name of publisher, distributor, etc Rex Book Store, Inc.,
260 ## - PUBLICATION, DISTRIBUTION, ETC. (IMPRINT)
Date of publication, distribution, etc 1998
300 ## - PHYSICAL DESCRIPTION
Extent 647 pages :
300 ## - PHYSICAL DESCRIPTION
Other physical details illustrations ;
300 ## - PHYSICAL DESCRIPTION
Dimensions 22 cm.
650 ## - SUBJECT ADDED ENTRY--TOPICAL TERM
Topical term or geographic name as entry element Income tax --
650 ## - SUBJECT ADDED ENTRY--TOPICAL TERM
General subdivision Law and legislation -- Philippines.
Holdings
Withdrawn status Lost status Damaged status Home library Current library Shelving location Date acquired Cost, normal purchase price Total Checkouts Full call number Barcode Date last seen Price effective from Koha item type
      South Mansfield College South Mansfield College Filipiniana Section 06/29/2005 198.00   FIL KPM 2832 .T46 1998 SMC02714 03/03/2016 03/03/2016  

The Law on income taxation /

APA

Teodoro B. D., .The Law on income taxation. Manila: .

Chicago

Teodoro Benjamin D, .The Law on income taxation. Manila: .

Harvard

Teodoro B. D., .The Law on income taxation. Manila: .

MLA

Teodoro Benjamin D, .Manila: . .

  • Place hold
  • Print
  • Cite
  • Add to your cart (remove)
  • Save record
    BIBTEX Dublin Core MARCXML MARC (non-Unicode/MARC-8) MARC (Unicode/UTF-8) MARC (Unicode/UTF-8, Standard) MODS (XML) RIS
  • More searches
    Search for this title in:
    Other Libraries (WorldCat) Other Databases (Google Scholar) Online Stores (Bookfinder.com) Open Library (openlibrary.org)

Exporting to Dublin Core...

SOUTHVILLE LIBRARY

Southville International School and Colleges Library

1281 Tropical Ave. Cor. Luxembourg St., BF Homes International, Las Pinas City

Tel. No. 8256374 / 252358 Loc. 117/146

Powered by Koha